Mali-Quiz - Statistiken

Allgemein
  • Dieses Quiz wurde 1.090 mal gespielt
  • Das Durchschnittsergebnis liegt bei 13 aus 20
Antwortstatistiken
Frage Antwort % Korrekt
Meistpraktizierte Religion Islam
96%
Große Sandwüste, die den nördlichen Teil von Mali bedeckt Sahara
94%
Nachbarland Algerien
92%
Nachbarland Mauretanien
92%
Nachbarland Niger
92%
Amtssprache Französisch
89%
Nachbarland Burkina Faso
88%
Nachbarland Senegal
87%
Nachbarland Guinea
86%
Nachbarland Elfenbeinküste
79%
Hauptstadt von Mali Bamako
75%
Längengrad, der durch Ostmali geht Nullmeridian
70%
Stadt in zentralem Mali, die einst ein bedeutender Handelszentrum war Timbuktu
65%
Semi-arides Gebiet, das sich südlich dieser Wüste befindet Sahel
53%
Die Große Moschee von Djenné besteht hauptsächlich aus diesem Material Lehm
48%
Herrscher des Malireichs, der manchmal als reichste Person der Geschichte angenommen wird Mansa {Musa}
31%
Unter allen Ländern hat Mali die jährlich höchste durchsschnittliche ... Temperatur
29%
Nennen Sie eine der zwei Hauptethnien von Mali Mandé | Fula
17%
Ehemaliges Reich (1464-1591), dessen Hauptstadt Gao war Songhai
17%
G-Wort für ein westafrikanischer Sänger und Dichter Griot
11%
Keine übereinstimmenden Quizze gefunden
Verteilung der Resultate
Anzahl Personen mit jedem Resultat
Perzentil nach korrekt beantworteten Fragen
Ihre Resultats-Entwicklung
Sie haben dieses Quiz noch nicht gespielt